000 00274 a2200121 4500
001 147099
040 _cEscola São Tomás de Aquino
100 _aMACHADO, Ana Maria
240 1 0 _aJeca, o tatu
_lpor
245 1 0 _aJeca, o tatu
697 _a*LITERATURA INFANTO
942 _cBK
999 _c147099
_d147099